00565cam a22001811a 450000100100000000500170001000800410002704000250006808200190009310000280011224500530014024600330019326000610022630000210028750400260030865000320033465000170036600000136420240418073804.0770526s1969 sp b 000 0 spa  aDO-SdBNPbspacBNPHU a301.018bB756m1 aBoudon, Raymond.d1934-14aLos métodos en sociología /cRaymond Boudon.14aLes Méthodes en sociologie aBuenos Aires :bPresses universitaires de France,c1969. a149 p. ;c18 cm. aBibliografía: p.127 4aSociologíaxMetodología 0aSociología